Canada's role in science and technology for development : (Record no. 6128)
[ view plain ]
| 000 -LEADER | |
|---|---|
| fixed length control field | 01036cam a2200277 i 4500 |
| 001 - CONTROL NUMBER | |
| control field | BD-DhSAU 6128 |
| 003 - CONTROL NUMBER IDENTIFIER | |
| control field | BD-DhSAU |
| 005 - DATE AND TIME OF LATEST TRANSACTION | |
| control field | 20150502132743.0 |
| 008 - FIXED-LENGTH DATA ELEMENTS--GENERAL INFORMATION | |
| fixed length control field | 800408s1979 onca 100 0 eng |
| 015 ## - NATIONAL BIBLIOGRAPHY NUMBER | |
| National bibliography number | C*** |
| 020 ## - INTERNATIONAL STANDARD BOOK NUMBER | |
| International Standard Book Number | 0889362300 |
| 040 ## - CATALOGING SOURCE | |
| Original cataloging agency | BD-DhSAU |
| 082 00 - DEWEY DECIMAL CLASSIFICATION NUMBER | |
| Classification number | 338.917101724 |
| Edition number | 22 |
| Item number | CAN |
| 245 00 - TITLE STATEMENT | |
| Title | Canada's role in science and technology for development : |
| Remainder of title | proceedings of a symposium held at the Ontario Science Centre, Toronto, Canada, 10-13 May 1979 / |
| Statement of responsibility, etc. | J. King Gordon, editor. |
| 260 ## - PUBLICATION, DISTRIBUTION, ETC. (IMPRINT) | |
| Place of publication, distribution, etc. | Ottawa : |
| Name of publisher, distributor, etc. | International Development Research Centre , |
| Date of publication, distribution, etc. | 1979. |
| 300 ## - PHYSICAL DESCRIPTION | |
| Extent | 136 p. : |
| Other physical details | ill. ; |
| Dimensions | 25 cm. |
| 500 ## - GENERAL NOTE | |
| General note | "IDRC-141e." |
| 590 ## - Name of Cataloguer | |
| Name of Cataloger | imran |
| 650 #0 - SUBJECT ADDED ENTRY--TOPICAL TERM | |
| Topical term or geographic name as entry element | Science |
| Geographic subdivision | Developing countries |
| General subdivision | Congresses. |
| 650 #0 - SUBJECT ADDED ENTRY--TOPICAL TERM | |
| Topical term or geographic name as entry element | Technology |
| Geographic subdivision | Developing countries |
| General subdivision | Congress. |
| 650 #0 - SUBJECT ADDED ENTRY--TOPICAL TERM | |
| Topical term or geographic name as entry element | Science |
| Geographic subdivision | Canada |
| General subdivision | Congresses. |
| 650 #0 - SUBJECT ADDED ENTRY--TOPICAL TERM | |
| Topical term or geographic name as entry element | Technology |
| Geographic subdivision | Canada |
| General subdivision | Congresses. |
| 650 #0 - SUBJECT ADDED ENTRY--TOPICAL TERM | |
| Topical term or geographic name as entry element | Science |
| General subdivision | International cooperation |
| -- | Congresses. |
| 650 #0 - SUBJECT ADDED ENTRY--TOPICAL TERM | |
| Topical term or geographic name as entry element | Technology |
| General subdivision | International cooperation |
| -- | Congresses. |
| 700 1# - ADDED ENTRY--PERSONAL NAME | |
| Personal name | Gordon, J. King. |
| 942 ## - ADDED ENTRY ELEMENTS (KOHA) | |
| Source of classification or shelving scheme | Dewey Decimal Classification |
| Koha item type | Book |
| Withdrawn status | Lost status | Source of classification or shelving scheme | Damaged status | Not for loan | Home library | Branch Name | Shelving location | Date acquired | Total Checkouts | Full call number | Barcode | Date last seen | Price effective from | Koha item type |
|---|---|---|---|---|---|---|---|---|---|---|---|---|---|---|
| Dewey Decimal Classification | Not For Loan | SAU Library | SAU Library | Reference | 02/05/2015 | 338.917101724 CAN | 555 | 02/05/2015 | 02/05/2015 | Book |
